[Event "AUTO-ADV-1697"]
[Site "http://www.queenalice.com/game.php?id=749273"]
[Date "2010.3.21"]
[Round "1"]
[White "jpzenitram"]
[Black "elmo"]
[Result "0-1"]
[WhiteElo "1880"]
[BlackElo "1940"]

1. c4 g6 2. Nc3 Bg7 3. d4 Nf6 4. Nf3 d5 5. b3 O-O 6. Bb2 c6 7. g3 Bg4 8. Bg2 Na6
9. O-O Nc7 10. Ne5 Bf5 11. Re1 Qc8 12. e4 dxe4 13. Bxe4 Nxe4 14. Nxe4 Rd8 15.
Nf3 b6 16. Ned2 Re8 17. Nh4 Bg4 18. Qc2 Qd7 19. Nhf3 Rad8 20. Rad1 Qf5 21. Qxf5
Bxf5 22. Ba1 Ne6 23. Ne4 Bg4 24. d5 Bxf3 0-1

[Event "Challenge"]
[Site "http://www.queenalice.com/game.php?id=751007"]
[Date "2010.3.24"]
[Round "-"]
[White "kworks"]
[Black "elmo"]
[Result "1/2-1/2"]
[WhiteElo "1971"]
[BlackElo "1971"]

1. e4 e5 2. Nc3 Nf6 3. Bc4 Be7 4. Nf3 d6 5. d3 Nc6 6. Be3 O-O 7. a3 Ng4 8. Qd2
Nxe3 9. fxe3 Kh8 10. Nd5 f5 11. Nxe7 Qxe7 12. O-O fxe4 13. dxe4 Bg4 14. h3 Bh5
15. Rf2 Bg6 16. Bd3 h6 17. Raf1 Bh7 18. c3 Rf6 19. Qc2 Bg8 20. Qa4 Be6 21. Bc4
a6 22. Bd5 Bd7 23. Qc2 Raf8 24. Nh4 Rxf2 25. Rxf2 Rxf2 26. Qxf2 Kh7 27. Bf7 Qf6
28. Bg6+ Kg8 29. Bf5 Be6 30. Ng6 Bf7 31. Nh4 Ne7 32. Bd7 b6 33. Nf5 Be6 34.
Bxe6+ 1/2-1/2

[Event "Challenge"]
[Site "http://www.queenalice.com/game.php?id=769608"]
[Date "2010.5.2"]
[Round "-"]
[White "babycrocket"]
[Black "elmo"]
[Result "0-1"]
[WhiteElo "1761"]
[BlackElo "1927"]

1. d4 d5 2. Nf3 e6 3. Bg5 Be7 4. Bxe7 Qxe7 5. Qd2 Nf6 6. e3 O-O 7. Nc3 a6 8. Bd3
h6 9. h4 Nc6 10. a3 e5 11. O-O-O e4 0-1

[Event "AUTO-ADV-1875"]
[Site "http://www.queenalice.com/game.php?id=821568"]
[Date "2010.8.22"]
[Round "1"]
[White "elmo"]
[Black "marno"]
[Result "1-0"]
[WhiteElo "1967"]
[BlackElo "1896"]

1. d4 d5 2. c4 dxc4 3. e4 e5 4. d5 Nf6 5. Nc3 c6 6. Bxc4 Bb4 7. Qb3 a5 8. a3
Bxc3+ 9. bxc3 b5 10. Bd3 Bd7 11. Bg5 h6 12. Bh4 Na6 13. dxc6 Bxc6 14. Bxb5 Qb6
15. Bxf6 gxf6 16. Bxc6+ Qxc6 17. Ne2 Qxe4 18. Qb5+ Kf8 19. O-O Nc7 20. Qc5+ Kg7
21. Ng3 Qb7 22. Rab1 Qc8 23. Rb6 Qd7 24. Nh5+ Kg6 25. Rxf6+ 1-0

[Event "AUTO-ADV-1875"]
[Site "http://www.queenalice.com/game.php?id=821569"]
[Date "2010.8.22"]
[Round "1"]
[White "marno"]
[Black "elmo"]
[Result "0-1"]
[WhiteElo "1850"]
[BlackElo "2029"]

1. e4 e5 2. Bc4 Nf6 3. d3 Be7 4. Nc3 Nc6 5. f4 exf4 6. Nf3 Na5 7. Bb3 Nxb3 8.
axb3 d6 9. Bxf4 Bg4 10. O-O O-O 11. Qe1 Re8 12. h3 Bd7 13. b4 a6 14. b3 h6 15.
d4 Nh7 16. Nd5 Bc6 17. Nxe7+ Rxe7 18. d5 Bd7 19. c4 Qe8 20. Nd2 Nf8 21. Nf3 Ng6
22. Nd2 Nxf4 23. Rxf4 f5 24. Qe3 fxe4 25. Nxe4 Qg6 26. Nf6+ Qxf6 27. Rxf6 Rxe3
0-1

[Event "AUTO-ADV-1875"]
[Site "http://www.queenalice.com/game.php?id=821571"]
[Date "2010.8.22"]
[Round "1"]
[White "li2carpio"]
[Black "elmo"]
[Result "0-1"]
[WhiteElo "1796"]
[BlackElo "1970"]

1. e4 e5 2. Nf3 Nc6 3. Bc4 Be7 4. Nc3 Nf6 5. O-O d6 6. h3 Nd7 7. a3 Nb6 8. Ba2
h6 9. d4 exd4 10. Nxd4 Bd7 0-1

[Event "AUTO-ADV-1875"]
[Site "http://www.queenalice.com/game.php?id=821572"]
[Date "2010.8.22"]
[Round "1"]
[White "elmo"]
[Black "RandyShane"]
[Result "1/2-1/2"]
[WhiteElo "2078"]
[BlackElo "1968"]

1. e4 e5 2. Nf3 Nc6 3. Bb5 a6 4. Ba4 Nf6 5. Nc3 b5 6. Bb3 Bc5 7. d3 O-O 8. Bg5
Be7 9. Qc1 d6 10. h3 Na5 11. O-O c5 12. Bxf6 Bxf6 13. Bd5 Rb8 14. Qd2 Bb7 15. a3
Bxd5 16. Nxd5 Nc6 17. Nh2 Nd4 18. Ng4 Be7 19. Nge3 f5 20. exf5 Nxf5 21. Nxf5
Rxf5 22. Nxe7+ Qxe7 23. Qa5 Qb7 24. Rae1 Qb6 25. Qxb6 Rxb6 26. g4 Rf4 27. Re3
Rb8 28. Rfe1 Rbf8 29. R1e2 g6 30. Re4 Rxe4 31. dxe4 Kf7 32. f3 Ke6 33. Kf2 a5
34. Ke3 g5 35. Rd2 h6 36. Rd5 Rb8 37. Rd1 Rd8 38. Rd5 Rb8 39. Rd1 b4 40. a4 h5
41. Rg1 h4 1/2-1/2

[Event "AUTO-ADV-1875"]
[Site "http://www.queenalice.com/game.php?id=821573"]
[Date "2010.8.22"]
[Round "1"]
[White "RandyShane"]
[Black "elmo"]
[Result "0-1"]
[WhiteElo "1864"]
[BlackElo "1980"]

1. e4 e5 2. Nf3 Nc6 3. Bb5 a6 4. Bxc6 dxc6 5. O-O Bg4 6. h3 Bh5 7. g4 Bg6 8.
Nxe5 Qf6 9. d4 O-O-O 10. f4 Bxe4 11. Nc3 Bd5 12. Be3 Bd6 13. Qd2 Ne7 14. b3 h6
15. g5 Qf5 16. Nxd5 cxd5 17. Qg2 hxg5 18. fxg5 Qxh3 19. Nxf7 Qxe3+ 0-1

[Event "AUTO-ADV-1697"]
[Site "http://www.queenalice.com/game.php?id=829628"]
[Date "2010.9.8"]
[Round "2"]
[White "elmo"]
[Black "Antak"]
[Result "1-0"]
[WhiteElo "2059"]
[BlackElo "2145"]

1. e4 c5 2. Nf3 e6 3. d4 cxd4 4. Nxd4 Nc6 5. Be3 d6 6. Nc3 a6 7. Be2 Nf6 8. O-O
Be7 9. a3 Bd7 10. Kh1 d5 11. exd5 exd5 12. Bf3 Nxd4 13. Bxd4 Be6 14. Re1 1-0

[Event "AUTO-ADV-1697"]
[Site "http://www.queenalice.com/game.php?id=829629"]
[Date "2010.9.8"]
[Round "2"]
[White "Antak"]
[Black "elmo"]
[Result "0-1"]
[WhiteElo "2161"]
[BlackElo "2038"]

1. d4 d5 2. c4 e6 3. Nc3 Nf6 4. Nf3 Be7 5. e3 O-O 6. Bd3 dxc4 7. Bxc4 Nbd7 8. a4
Nb6 9. Bd3 Nbd5 10. e4 Nb4 11. Bb1 b6 12. O-O Bb7 13. Ne5 Nc6 14. Be3 Nxe5 15.
dxe5 Qxd1 0-1

[Event "AUTO-ADV-1875"]
[Site "http://www.queenalice.com/game.php?id=889370"]
[Date "2011.1.21"]
[Round "2"]
[White "Clovisto"]
[Black "elmo"]
[Result "0-1"]
[WhiteElo "1880"]
[BlackElo "2074"]

1. e4 e5 2. Bc4 Nf6 3. Nc3 Nc6 4. a3 d6 5. Nd5 Nxe4 6. d3 Nf6 7. Bg5 Be7 8.
Nxf6+ Bxf6 9. Qf3 Nd4 10. Qd5 O-O 11. Bxf6 Qxf6 12. O-O-O c6 13. Qa5 Qxf2 14.
Qc3 Qxg2 15. Qb4 Qxc2# 0-1

[Event "AUTO-ADV-1875"]
[Site "http://www.queenalice.com/game.php?id=889371"]
[Date "2011.1.21"]
[Round "2"]
[White "elmo"]
[Black "Clovisto"]
[Result "1-0"]
[WhiteElo "2082"]
[BlackElo "1861"]

1. d4 e6 2. Nf3 h6 3. e4 b6 4. Nc3 Bb7 5. Be2 Nf6 6. e5 Ne4 7. Nxe4 Bxe4 8. O-O
g5 9. Nd2 Bf5 10. Bf3 c6 11. Ne4 Be7 12. Re1 g4 13. Bxg4 Bxe4 14. Rxe4 f6 15.
Bh5+ Kf8 16. Qg4 f5 17. Qg6 1-0

[Event "AUTO-ADV-1875"]
[Site "http://www.queenalice.com/game.php?id=889374"]
[Date "2011.1.21"]
[Round "2"]
[White "elmo"]
[Black "ravague"]
[Result "1-0"]
[WhiteElo "2089"]
[BlackElo "1874"]

1. e4 e5 2. Nf3 f5 3. exf5 Nf6 4. d3 Nc6 5. Bg5 Bc5 6. Nc3 h6 7. Bh4 d5 8. Qe2
O-O 9. O-O-O Re8 10. Bxf6 Qxf6 11. g4 e4 12. dxe4 dxe4 13. Qc4+ Kh8 14. Nxe4
Rxe4 15. Qxe4 a6 16. Qe8+ Bf8 17. Qe3 1-0

[Event "AUTO-ADV-1875"]
[Site "http://www.queenalice.com/game.php?id=889375"]
[Date "2011.1.21"]
[Round "2"]
[White "ravague"]
[Black "elmo"]
[Result "0-1"]
[WhiteElo "1944"]
[BlackElo "2096"]

1. e4 e5 2. f4 exf4 3. Nf3 g6 4. d4 Bg7 5. Bc4 d6 6. Bxf4 Be6 7. d5 Bg4 8. c3
Nd7 9. Bb5 a6 10. Ba4 b5 11. Bc2 Ngf6 12. Nbd2 O-O 13. O-O Nh5 14. Be3 Ne5 15.
h3 Bxf3 16. Nxf3 Nc4 17. Bc1 Qb8 18. Nd4 Qb6 19. Qf3 Rae8 20. g4 Nf6 21. Re1
Nxd5 22. Kf1 Ne5 23. Qg2 Nb4 24. Be3 Nxc2 25. Nxc2 Qb7 26. Rad1 Nc4 27. Bd4 Nxb2
28. Rd2 Nc4 29. Rde2 Ne5 30. Na1 Nd3 0-1

[Event "AUTO-MASTER-2264"]
[Site "http://www.queenalice.com/game.php?id=1347021"]
[Date "2015.3.12"]
[Round "1"]
[White "elmo"]
[Black "sia"]
[Result "0-1"]
[WhiteElo "2104"]
[BlackElo "2141"]

1. d4 d5 2. c4 c6 3. Nf3 dxc4 4. e4 b5 5. a4 Bg4 6. axb5 cxb5 7. Be3 Nc6 8. Be2
e6 9. O-O Nb4 10. b3 Bxf3 11. Bxf3 a5 12. Nc3 Qd7 13. Be2 Qc6 14. d5 exd5 15.
exd5 Qb7 16. Bf3 Bd6 17. Bc5 Bxc5 18. d6 Nc6 19. Re1+ Kd8 20. Qd5 Bb4 21. Qxc6
Qxc6 22. Bxc6 Nf6 23. Bxa8 Bxc3 24. bxc4 bxc4 25. Bc6 Bxe1 26. Rxe1 Nd7 27. Re7
Nb8 28. Bb5 c3 29. Rb7 Kc8 30. Rc7+ Kd8 31. Rxc3 Nd7 32. Rc7 Nb6 0-1

[Event "AUTO-MASTER-2264"]
[Site "http://www.queenalice.com/game.php?id=1347022"]
[Date "2015.3.12"]
[Round "1"]
[White "sia"]
[Black "elmo"]
[Result "1-0"]
[WhiteElo "2160"]
[BlackElo "2091"]

1. g3 e5 2. Bg2 Nf6 3. d3 d5 4. Bg5 Be6 5. Nf3 Bd6 6. O-O Nbd7 7. Nc3 c6 8. Qd2
h6 9. Bxf6 Nxf6 10. a3 O-O 11. b4 Qd7 12. Na4 Bh3 13. Nc5 Bxc5 14. bxc5 Bxg2 15.
Kxg2 e4 16. Nd4 Qe7 17. Nb3 Rfe8 18. e3 Nd7 19. d4 b6 20. Qc3 Qf6 21. f3 Qe6 22.
fxe4 Qxe4+ 23. Kf2 Nf6 24. Rae1 Ng4+ 25. Kg1 Qg6 26. Nd2 bxc5 27. dxc5 Nf6 28.
Rf4 Ne4 29. Nxe4 Rxe4 30. Ref1 Rf8 31. Rxe4 Qxe4 32. Rf4 Qe7 33. Rg4 f5 34. Rg6
1-0

[Event "AUTO-MASTER-2264"]
[Site "http://www.queenalice.com/game.php?id=1347023"]
[Date "2015.3.12"]
[Round "1"]
[White "elmo"]
[Black "Strogonoff"]
[Result "0-1"]
[WhiteElo "2122"]
[BlackElo "1783"]

1. e4 e5 2. Nf3 Nc6 3. Bb5 d6 4. h3 a6 5. Ba4 b5 6. Bb3 Be6 7. Nc3 Bxb3 8. axb3
Nf6 9. d4 exd4 10. Nxd4 Nxd4 11. Qxd4 Be7 12. O-O O-O 13. Bf4 Nh5 14. Bh2 Bf6
15. Qd3 Bxc3 16. bxc3 Qf6 17. Qd4 Qe7 18. c4 c5 19. Qxd6 Qxe4 20. cxb5 axb5 21.
Qxc5 Nf6 22. Qxb5 Rxa1 23. Rxa1 Qxc2 24. Re1 h6 25. Bf4 Rd8 26. Qb6 Rd1 27. Rxd1
Qxd1+ 28. Kh2 Kh7 0-1

[Event "AUTO-MASTER-2264"]
[Site "http://www.queenalice.com/game.php?id=1347024"]
[Date "2015.3.12"]
[Round "1"]
[White "Strogonoff"]
[Black "elmo"]
[Result "0-1"]
[WhiteElo "1820"]
[BlackElo "2100"]

1. e4 e5 2. Nf3 Nc6 3. Bc4 Nf6 4. d3 Be7 5. Bg5 d6 6. h3 Be6 7. Bxf6 Bxf6 8.
Bxe6 fxe6 9. O-O O-O 10. Nc3 a6 11. Ne2 Qe7 12. c3 Qf7 13. Ng3 Rfe8 14. Nd2 Qg6
15. Nf3 Rab8 16. Nh2 Bh4 17. Qf3 Rf8 18. Qg4 Qxg4 19. Nxg4 Rf7 20. Ne3 Rbf8 21.
b4 Na7 22. a4 b6 23. c4 Nc6 24. Kh2 Nxb4 25. Rad1 Rxf2 26. Rxf2 Rxf2 27. a5 bxa5
28. c5 dxc5 29. Nc4 Nc6 30. Nf1 Re2 31. Rd2 Rxd2 32. Ncxd2 a4 33. Nc4 Bf2 34.
Nfd2 Bd4 35. Nb1 Nb4 0-1

[Event "AUTO-MASTER-2264"]
[Site "http://www.queenalice.com/game.php?id=1347025"]
[Date "2015.3.12"]
[Round "1"]
[White "elmo"]
[Black "Spessatto"]
[Result "1-0"]
[WhiteElo "2105"]
[BlackElo "1985"]

1. d4 d5 2. c4 h6 3. Nf3 Bg4 4. e3 e6 5. Nc3 a6 6. Bd2 c6 7. Be2 Bd6 8. c5 Bc7
9. O-O Nf6 10. Ne1 Bxe2 11. Qxe2 Nh7 12. f4 Nf6 13. Nd3 O-O 14. Be1 Ne4 15. Qg4
f5 16. Qh3 Nd7 17. g4 fxg4 18. Qxg4 Ndf6 19. Qxe6+ Kh8 20. Ne5 Bxe5 21. fxe5 Nh7
22. Nxe4 Rxf1+ 23. Kxf1 Ng5 24. Nxg5 Qxg5 25. Qh3 Rf8+ 26. Ke2 Qg6 27. Kd2 Rf5
28. Bg3 Rh5 29. Qg2 Kg8 30. Rf1 Rg5 31. Qf3 h5 32. Qf8+ Kh7 33. Qf7 Rg4 34.
Qxg6+ Kxg6 35. e6 1-0

[Event "AUTO-MASTER-2264"]
[Site "http://www.queenalice.com/game.php?id=1347026"]
[Date "2015.3.12"]
[Round "1"]
[White "Spessatto"]
[Black "elmo"]
[Result "0-1"]
[WhiteElo "1997"]
[BlackElo "2113"]

1. d4 d5 2. h3 e6 3. Nf3 Nf6 4. Bf4 Nc6 5. e3 Bd6 6. Ne5 O-O 7. c3 Nd7 8. Nxc6
bxc6 9. Bxd6 cxd6 10. Bd3 Rb8 11. b3 Qb6 12. O-O Ba6 13. Bxa6 Qxa6 14. Nd2 Nf6
15. c4 Rfc8 16. cxd5 cxd5 17. Nf3 Rc6 18. Qd2 Ne4 19. Qb2 Rbc8 20. a4 Rc2 21.
Qa3 h6 22. Rac1 Qe2 23. Rce1 Ra2 24. Rxe2 Rxa3 25. Rb1 Rb8 26. Reb2 Nc3 27. Rc1
Nxa4 28. Rbb1 Raxb3 29. Ra1 Nc3 30. Kh2 Ne4 31. Rxa7 R3b7 32. Rxb7 Rxb7 33. Kg1
Rb2 34. Rf1 f5 35. Ne1 Nd2 36. Nd3 Nxf1 37. Nxb2 Nd2 38. Nd1 g5 39. Nc3 Kf7 40.
Kh2 Ne4 41. Nxe4 dxe4 42. Kg3 e5 43. h4 Ke6 44. hxg5 hxg5 45. f3 exd4 46. Kf2
dxe3+ 47. Kxe3 exf3 48. gxf3 Ke5 0-1